Quizzes
Events
Quiz Creation
Community
Videos
Private Events
Remove Ads
Sign In
Join for FREE
Feedback
Dark Mode
Quiz Categories
Sports
Geography
Music
Movies
Television
Just For Fun
Miscellaneous
History
Literature
Language
Science
Gaming
Entertainment
Religion
Holiday
For Kids
Quiz Lab
Recent
Popular Today
Quiz Kudos Today
Editor Picks
Curator Picks
Quizzes by...
Day
Popularity
Type
Ratings
Length
Year
Community
Subscriptions
Recent Discussions
Orange Saloon
Badges
Playlists
Quests
Create
Leaderboards
Showdown
Live 5
Trivia Bingo
Activity
Puzzle Library
Sporcle Events
Private Events
Virtual Trivia
Globe League
Become a Host
Pub Owners
SporcleCon
Opinionation
Our Games
Videos
Blog
Mobile Apps
Partnerships
Remove Ads and Go Orange
Feedback
Music
Pop Music
The Beatles
Song
Album
Lyrics
Bands
Singers
Artist
Clip
Rock
Rap
Classical
Billboard
Country Music
Kpop
Taylor Swift
Music
Pop Music
The Beatles
Song
Album
Lyrics
Bands
Singers
Artist
Clip
Rock
Rap
Classical
Billboard
Country Music
Kpop
Taylor Swift
Random Quiz
Search Sporcle
×
Quiz Lab
Quiz Lab
Music
Lyrics
Type in answers that appear in a list
Type in answers that appear in a list
Classic
Best Score? Go Orange.
Guess the kpop song by english lyrics Stats
Can you guess the kpop song by english lyrics?
By
Daeguni
10m
30 Questions
1,748 Plays
1,748 Plays
1,748 Plays
Comments
Comments
Give Quiz Kudos
Give Quiz Kudos
-
- Ratings
hide this ad
Forced Order
Answers have to be entered in order
Answers have to be entered in order
Replay
Link that replays current quiz
Next Quiz
Link to next quiz in quiz playlist
You Got
0%
They Got
Avg Score
26%
Avg Friend Score
Upgrade to see
Score Distribution
Jump to the score distribution portion of the page
Score
0/30
Timer
10:00
0
Plays Today
Hint
Song
% Correct
Peaches and cream, sweeter than sweet
Blood, Sweat & Tears
86.6%
Every day, every night, feel like a fool
If you do
78%
Middle finger up F U pay me
BOOMBAYAH
71.7%
I'm the female monster
Crazy
56.5%
Don't you look into my eyes and lie again, I'm sick of being alone
Something
49.2%
Let me see how you gon' treat me
Like OOH-AHH
40.8%
Don't touch it, we love it, she's dancing on the floor
Queen
38%
Don't be like a prey
Lie
36.4%
We'll take it slow
The 7th Sense
31.6%
Just like her I wanna be pretty
Ugly
30.3%
Girl use me while you can, I'm all yours
Toy
26.8%
I'm the motherf*cking top madam
Puss
25.1%
All day all night baby 365
Oh NaNa
21.5%
Do it fast, do it slow You control the tempo
Press Your Number
21.3%
I can do this all night long baby
Love Me Right
20.7%
Hint
Song
% Correct
Love is game
Russian Roulette
20%
It's my show time
Danger
15.2%
Maybe I'm that your diamond lost
Paradise Lost
14.1%
Deeper than the sea
XOXO
13.1%
Get back up off that dream
Fantasy
12.4%
Once again, what's the name of the game?
Warrior
12.3%
We gon' party over here
Good Boy
12.1%
Can you hear my cry?
Closer
11.9%
Welcome to the monster plaza
Cypher pt.3
10.8%
You're so dangerous, babe
Bae Bae
8.1%
Ma heartbeats like boom boom boom boom
Be Quiet
7.3%
Before I lose my mind, before I'm lost in lies
Take me now
6.8%
I got to say goodbye right now
Letting go
6.3%
Let's fly, touch the sky
Venus
3.1%
My sweet heart don't hate me
No Doubt
1.8%
Quiz Playlist
Details
Report
Send in Message
Add To Playlist
Classic:
Type in answers that appear in a list
Forced Order:
Answers have to be entered in order
Last Updated: Feb 16, 2017
Quiz Scoreboard
CHALLENGE
Sign Up to Join the Scoreboard
Show All
Scores
Hide
Comments
May contain spoilers
Recently Published
1-10 Letter E Words III
by El_Dandy
Language
2m
One Thing in Common: World Cities II
by knightlancer
Geography
7m
Popular People in 1961
by mucciniale
History
6m
More to Explore
Quiz From the Vault
Featured Blog Post
Where Did the Easter Bunny Come From?
hide this ad
You Might Also Like...
Tags
Kpop Quiz
Lyrics Quiz
Kpop Quiz
Today's Top Quizzes in Music
Browse Music
hide this ad
Today's Top Quizzes in Lyrics
Browse Lyrics
Top Contributed Quizzes in Music
1
Taylor Swift All Songs (2024)
2
Taylor Swift Logic Puzzle
3
2010s Album by Cover III
4
Guess the Taylor Swift song (Mystery Song)
5
One Thing in Common: Music
6
Guess the Artist- 70s Songs
7
2010s Album by Cover IV
8
2010s Album by Cover V
9
Get the Picture: Carrie or Dolly
10
Lana Del Rey Discography (BTD to DYKTTATUOB)
Explore More
Trending Topics
Disney
NBA
Marvel
Harry Potter
Crossword
Kpop
Anime
WWE
NFL
The Office
Puzzle
Country
Pokémon
Song
Soccer
hide this ad
More By:
Daeguni
Quiz
Plays
Rating
Category
Featured
Created
Name the k-drama by the pictures
2,684
Television
Jan 25, 2017
Guess the kpop song by english lyrics
1,748
5.00
Music
Jan 3, 2017
Guess the MV
991
Music
Dec 29, 2016
Guess the EXO song by first line
800
Music
Jun 7, 2017
Name all these idols with kids
661
3.67
Music
Jan 2, 2017
Go to Creator's Profile
Score Distribution
Quiz Creator Spotlight
Daeguni
Follow
Send a Message
Quizzes Created
-
Created Quiz Play Count
-
More By This Creator
Popular Quizzes Today
1
Find the US States - No Outlines Minefield
2
The Countries of the World
3
Popular People in 1961
4
Find the Countries of Europe - No Outlines Minefield
5
1-10 Letter E Words III
6
Find the US States
7
One Thing in Common: World Cities II
8
US States
More Music Quizzes
Clip Quiz Remix: Hard (80 Songs)
Curator's Pick
Trending Quizzes
1-10 Letter F Words
One Thing in Common: Music
1-10 Letter G Words
Risky Map Clicking: Next State Alphabetically
1-10 Letter F Words II
Recently Updated
Leaping Animals
pecheneg
Reality TV Shows (A-Z)
bhenderson79
Rickey Henderson's Hall of Fame Teammates
pecheneg
Champions League XIs: Arsenal
pecheneg
Quick Pick: Celebrities in WWE's Hall of Fame
aduchscher
A-Z Keypad Blitz II
pecheneg
Multiple Oscar Actors
pecheneg
Mystery Phrase Blitz: Oscar 'Best Actors'
pecheneg
F. Scott Fitzgerald Novels
LTH
Pick 3 Villains
ddd62291
Trending Topics
Crossword
Anime
Disney
Harry Potter
Kpop
Marvel
NBA
WWE
Pokémon
NFL
Country
The Office
Soccer
Puzzle
Song
Your Account Isn't Verified!
In order to create a playlist on Sporcle, you need to verify the email address you used during registration. Go to your
Sporcle Settings
to finish the process.
Report this User
Report this user for behavior that violates our
Community Guidelines
.
Details:
Send Report
Go to the Sporcle.com Mobile Site →
Comments